| 000 | 00939nam a22002657a 4500 | ||
|---|---|---|---|
| 001 | 7973 | ||
| 003 | FISKH | ||
| 005 | 20260213090047.0 | ||
| 008 | 250815b cb ||||| |||| 00| 0 eng d | ||
| 020 | _a9780516252674 | ||
| 040 |
_aFISKH _beng _cFISKH _dFISKH |
||
| 050 | _aQC90.6 .S27 | ||
| 082 | _a530.8 LCC | ||
| 100 | _aSargent, Brian | ||
| 245 |
_aHow heavy is it? _cby Brian Sargent |
||
| 260 |
_aNew York : _bScholastic, _c2005. |
||
| 300 |
_a31 pages : _bcolor illustrations ; _c19 cm |
||
| 505 | _aH | ||
| 520 | _aThe popular Rookie Books expand their horizons - to all corners of the globe! With this series all about geography, emergent readers will take off on adventures to cities, nations, waterways, and habitats around the world...and right in their own backyards. | ||
| 521 | 8 |
_a430
_bLexile |
|
| 521 | 8 |
_aH
_bRaz-Plus |
|
| 650 |
_aCounting _vJuvenile Lterature |
||
| 942 |
_2ddc _cBK _n0 |
||
| 999 |
_c7973 _d7973 |
||